Hollywoodská romance /

Hlavní autor: Livingstone, Georgette
Další autoři: Kunst, Petr
Jazyk: Čeština
Vydáno: Praha : I. Železný, 1994
Vydání: 1. vyd.
Edice: Žhavé lásky
Lásky
Témata:
Fyzický popis: 124 s.
Knihy
Uloženo v:
LEADER 01088nam a2200337 a 4500
001 000003804
003 CZ BrMZK
005 20241016143203.0
007 ta
008 940825s1994 xr g j cze d
020 |a 80-237-1340-X  |c 24.90 
040 |a BOA001  |b cze 
072 7 |a 821-31/-34  |x Milostná, dobrodružná, fantastická próza  |2 Konspekt  |9 25 
080 |a 821-322.5  |2 MRF 
080 |a (0:82-322.5)  |2 MRF 
100 1 |a Livingstone, Georgette 
245 1 0 |a Hollywoodská romance /  |c Georgette Livingstoneová ; Z něm. překl. přel. Petr Kunst 
250 |a 1. vyd. 
260 |a Praha :  |b I. Železný,  |c 1994 
300 |a 124 s. 
490 1 |a Žhavé lásky ;  |v 20 (B 10/94) 
490 1 |a Lásky ;  |v 59 
655 7 |a milostné povídky  |7 fd132834  |2 czenas 
655 9 |a love short stories  |2 eczenas 
700 1 |a Kunst, Petr  |7 jx20040720109 
765 0 |t Mister Casanova 
830 0 |a Žhavé lásky 
830 0 |a Lásky 
910 |a BOA001  |b 1-1001.103 
990 |a BK 
996 6 |b 2610011217  |c 1-1001.103  |l MZK  |r Sklad / do 1 hodiny  |n 7  |p p.v.  |w 000003804  |u 000010  |a 1  |e BOA001  |j MZK50  |s P